Normal view
MARC view
- Javaid, Muhammad Nouman
Entry Personal Name
001 - CONTROL NUMBER
- control field: 118395
003 - CONTROL NUMBER IDENTIFIER
- control field: NUST
005 - DATE AND TIME OF LATEST TRANSACTION
- control field: 20231006114904.0
008 - FIXED-LENGTH DATA ELEMENTS
- fixed length control field: 231006|| aca||aabn | a|a d
040 ## - CATALOGING SOURCE
- Original cataloging agency: NUST
- Transcribing agency: NUST
100 ## - HEADING--PERSONAL NAME
- Personal name: Javaid, Muhammad Nouman
670 ## - SOURCE DATA FOUND
- Source citation: Work cat.: (NUST): Javaid, Muhammad Nouman, DETECTING WEB URL PHISHING: A LIGHTWEIGHT LEXICAL-BASED MACHINE LEARNING METHOD
